| Поле | Инд. | ПП | Название | Значение |
|---|---|---|---|---|
| Тип записи | a | |||
| Библиографический уровень | m | |||
| 001 | Контрольный номер | 7d0d5d7f-bc0c-4feb-b9b1-112b334776df | ||
| 005 | Дата корректировки | 20140226144006.3 | ||
| 008 | Кодируемые данные | 000420 d | ||
| 020 | c | Цена, тираж | 21.05 | |
| 040 | a | Служба первич. каталог. | НБ ТвГУ | |
| 041 | a | Код языка текста | rus | |
| 080 | a | Индекс УДК | 531.01:51 | |
| 084 | a | Индекс другой классификации/Индекс ББК | В25я54(2)2 | |
| a | Индекс другой классификации/Индекс ББК | В213.1 | ||
| a | Индекс другой классификации/Индекс ББК | В181 | ||
| 090 | a | Полочн. индекс | В25я54(2)2 | |
| x | Авторский знак | В74 | ||
| c | Каталожный индекс | В25я54(2)2 + В213.1 + В181 | ||
| 245 | 0_ | a | Заглавие | Вопросы механики и процессов управления |
| b | Продолж. заглавия | [Сб. ст.] | ||
| c | Ответственность | [Отв. ред. Н.Е. Кирин]; ЛГУ | ||
| c | Ответственность | ЛГУ | ||
| n | Номер части/ раздела | Вып. 4 | ||
| p | Название части/ раздела | Методы математического анализа управляемых процессов | ||
| 260 | 0_ | a | Место издания | Л. |
| b | Издательство | Изд-во Ленингр. ун-та | ||
| c | Дата издания | 1981 | ||
| 300 | a | Объем | 283,[1] с. | |
| 504 | a | Библиография | Библиогр. в конце ст. | |
| 583 | a | Действие | Приписка 393 17.07.98 | |
| k | Исполнитель действия | ОРФ ОУНБ им.А.М.Горького | ||
| 650 | a | Основная рубрика | Сплошные среды | |
| x | Основная подрубрика | Механика | ||
| 650 | a | Основная рубрика | Динамика | |
| x | Основная подрубрика | Математические основы | ||
| 650 | a | Основная рубрика | Управляющие системы | |
| x | Основная подрубрика | Теория | ||
| 653 | a | Ключевые слова | Математические основы динамики | |
| a | Ключевые слова | Механика сплошных сред | ||
| a | Ключевые слова | Теория управляющих систем | ||
| a | Ключевые слова | Сборники | ||
| 700 | 1_ | a | Другие авторы | Кирин Н Е |
| e | Роль лиц | Отв. ред. | ||
| 852 | t | Порядковый номер экземпляра | 1 | |
| p | Инвентарный номер | 698697 | ||
| 888 | a | Безвозмездно | ||
| 930 | a | Новая/Ретро | сборники | |
| 952 | p | 393.98 21.05 1 698697 | ||
| c | Вид литературы | К рн | ||
| 954 | a | Дата поступления на обработку | 19980727 | |
| 999 | a | Подразделение 2 | Фил3 |